Obras completas de Arana-Goiri'tar Sabin (Sabino de Arana-Goiri). (Record no. 6279)

MARC details
000 -LEADER
campo de control de longitud fija 00678nam a2200217 i 4500
001 - NÚMERO DE CONTROL
campo de control 6279
003 - IDENTIFICADOR DE NÚMERO DE CONTROL
campo de control ES-MaACL
005 - FECHA Y HORA DE LA ÚLTIMA TRANSACCIÓN
campo de control 20230906144849.0
007 - CAMPO FIJO DE DESCRIPCIÓN FÍSICA--INFORMACIÓN GENERAL
campo de control de longitud fija t|
008 - DATOS DE LONGITUD FIJA--INFORMACIÓN GENERAL
campo de control de longitud fija 890913s1980 sp ||||0| spa d
020 ## - NÚMERO INTERNACIONAL ESTÁNDAR DEL LIBRO
Número Internacional Estándar del Libro 84-85846-00-1 (O.C.)
100 1# - ENTRADA PRINCIPAL--NOMBRE DE PERSONA
Nombre de persona Arana Goiri, Sabino (
Fechas asociadas al nombre 1865-1903)
9 (RLIN) 22256
245 10 - MENCIÓN DEL TÍTULO
Título Obras completas de Arana-Goiri'tar Sabin (Sabino de Arana-Goiri).
250 ## - MENCION DE EDICION
Mención de edición 2ª ed.
260 ## - PUBLICACIÓN, DISTRIBUCIÓN, ETC.
Lugar de publicación, distribución, etc. Donostia :
Nombre del editor, distribuidor, etc. Sendoa Argitaldaria,
Fecha de publicación, distribución, etc. D.L. 1980.
300 ## - DESCRIPCIÓN FÍSICA
Extensión 3 v. (2478 p.) :
Otras características físicas il. ;
Dimensiones 24 cm.
500 ## - NOTA GENERAL
Nota general Indices.
504 ## - NOTA DE BIBLIOGRAFÍA, ETC.
Nota de bibliografía, etc. Bibliografía: p. [2475]-2478.
546 ## - NOTA DE IDIOMA
Nota de lengua/lenguaje Texto en castellano y vasco.
852 ## - LOCALIZACIÓN
Ubicación ES-MaACL
Número de control de estantería L-13365-7
Sublocalización o colección R.117031
Nota libre . - plast.
Holdings
Estatus retirado Estado de pérdida Estado de daño No para préstamo Biblioteca de origen Biblioteca actual Ubicación en estantería Fecha de adquisición Fuente de adquisición Total de préstamos Signatura topográfica completa Código de barras Visto por última vez Precio de reemplazo Tipo de ítem Koha
        Biblioteca del Ateneo de Madrid Biblioteca del Ateneo de Madrid Depósito 2 17/01/2008     L-13365-7 1006392 23/02/2023 23/02/2023 Libro impreso